00477nam a22001217a 4500008004100000082001700041110002400058245014400082300000900226942001200235999001300247952009500260230609b xxu||||| |||| 00| 0 eng d a354.676bGOK bGovernment of Kenya aEstimates of Development Expenditure of the Government of KenyabFor the Year Ending 30 Th June 2012cVolume II (Votes D20-D60)hJune, 2011 a790p 2ddccBK c870d870 00102ddc4070a001b001d2023-06-09l0o354.676 GOKp1000700r2023-06-09w2023-06-09yBK